BSOP header

Understanding people : (Record no. 48158)

MARC details
000 -LEADER
fixed length control field 01072cam a2200349 4500
001 - CONTROL NUMBER
control field 3164507
005 - DATE AND TIME OF LATEST TRANSACTION
control field 20190930145755.0
008 - FIXED-LENGTH DATA ELEMENTS--GENERAL INFORMATION
fixed length control field 720426s1972 ilu b 000 0 eng
010 ## - LIBRARY OF CONGRESS CONTROL NUMBER
LC control number 75172116
020 ## - INTERNATIONAL STANDARD BOOK NUMBER
International Standard Book Number 0910566151
040 ## - CATALOGING SOURCE
Original cataloging agency DLC
Transcribing agency DLC
Modifying agency DLC
050 00 - LIBRARY OF CONGRESS CALL NUMBER
Classification number BR110
Item number .B77
082 00 - DEWEY DECIMAL CLASSIFICATION NUMBER
Classification number 218
100 1# - MAIN ENTRY--PERSONAL NAME
Personal name Barron, Robert.
245 10 - TITLE STATEMENT
Title Understanding people :
Remainder of title children, youth, adults /
Statement of responsibility, etc by Robert Barron, J. Omar Brabaker [and] Robert E. Clark.
250 ## - EDITION STATEMENT
Edition statement 3rd ed.
260 ## - PUBLICATION, DISTRIBUTION, ETC. (IMPRINT)
Place of publication, distribution, etc Wheaton, Ill.,
Name of publisher, distributor, etc Evangelical Teacher Training Association
Date of publication, distribution, etc 1989.
300 ## - PHYSICAL DESCRIPTION
Extent 95 p. ;
Dimensions 23 cm.
336 ## - CONTENT TYPE
Content Type Term text
337 ## - MEDIA TYPE
Media Type Term unmediated
338 ## - CARRIER TYPE
Carrier Type Term volume
504 ## - BIBLIOGRAPHY, ETC. NOTE
Bibliography, etc Includes bibliographies.
650 #0 - SUBJECT ADDED ENTRY--TOPICAL TERM
Topical term or geographic name as entry element Christianity
General subdivision Psychology.
650 #0 - SUBJECT ADDED ENTRY--TOPICAL TERM
Topical term or geographic name as entry element Bible
General subdivision Study and teaching.
650 #0 - SUBJECT ADDED ENTRY--TOPICAL TERM
Topical term or geographic name as entry element Church group work.
650 #0 - SUBJECT ADDED ENTRY--TOPICAL TERM
Topical term or geographic name as entry element Christian life.
700 1# - ADDED ENTRY--PERSONAL NAME
Personal name Clark, Robert E.,
Relator term joint author.
700 1# - ADDED ENTRY--PERSONAL NAME
Personal name Brubaker, J.Omar.
710 2# - ADDED ENTRY--CORPORATE NAME
Corporate name or jurisdiction name as entry element Evangelical Teacher Training Association.
906 ## - LOCAL DATA ELEMENT F, LDF (RLIN)
a 7
b cbc
c orignew
d 2
e ncip
f 19
g y-gencatlg
942 ## - ADDED ENTRY ELEMENTS (KOHA)
Source of classification or shelving scheme Library of Congress Classification
Item type Books
Holdings
Withdrawn status Lost status Source of classification or shelving scheme Damaged status Not for loan Home library Current library Shelving location Date acquired Inventory number Total Checkouts Full call number Barcode Date last seen Price effective from Koha item type
    Library of Congress Classification     BSOP Library BSOP Library GC 09/30/2019 21440   BV1534.C6 B27u 00050643 09/30/2019 09/30/2019 Books
BSOP

Biblical Seminary of the Philippines
  All rights Reserved
  © 2024

CONTACT INFORMATION

Biblical Seminary of the Philippines,
  77-B Karuhatan Road, Valenzuela City,
  PHILIPPINES 1441
  Phone: +632 8292-6795 / 8292-6798
  Fax : +632 8292-6675
  Email: library@bsop.edu.ph